[Event "CAN-ch U14"]
[Site "Toronto CAN"]
[Date "1997.01.31"]
[Round "1"]
[White "Charbonneau, Pascal"]
[Black "Davies, Jordan"]
[Result "1-0"]
[WhiteElo "2172"]
[BlackElo "1834"]
[PlyCount "83"]
[GameId "2160767911966598"]
[EventDate "1997.01.31"]
[EventType "swiss"]
[EventRounds "5"]
[EventCountry "CAN"]

1. e4 c5 2. Nf3 Nc6 3. d4 cxd4 4. Nxd4 e5 5. Nb5 a6 6. Nd6+ Bxd6 7. Qxd6 Qf6 8. Qd1 Qg6 9. Nc3 Nge7 10. h4 h5 11. Be3 d6 12. Qd2 f5 13. O-O-O Be6 14. exf5 Qxf5 15. Bd3 Qf7 16. Ne4 Rd8 17. b3 d5 18. Ng5 Qf6 19. Kb1 Bf5 20. Bxf5 Nxf5 21. Bc5 g6 22. f3 d4 23. Ne4 Qe6 24. Qg5 Ne3 25. Rd2 Nd5 26. Rg1 Kd7 27. Bb6 Kc8 28. Bxd8 Rxd8 29. g4 Rd6 30. gxh5 Nc3+ 31. Nxc3 dxc3 32. Rxd6 Qxd6 33. hxg6 Nd4 34. g7 Ne2 35. g8=Q+ Kc7 36. Q8g7+ Kc6 37. Q7f6 Qxf6 38. Qxf6+ Kb5 39. Qxe5+ Kb6 40. Rg6+ Ka7 41. Qc5+ Kb8 42. Rg8# 1-0

[Event "CAN-ch U14"]
[Site "Toronto CAN"]
[Date "1997.02.01"]
[Round "2"]
[White "Charbonneau, Pascal"]
[Black "Ho, Andrew"]
[Result "1/2-1/2"]
[WhiteElo "2172"]
[BlackElo "2309"]
[PlyCount "43"]
[GameId "2160767911966603"]
[EventDate "1997.01.31"]
[EventType "swiss"]
[EventRounds "5"]
[EventCountry "CAN"]

1. e4 c5 2. Nf3 e6 3. Nc3 d6 4. d4 cxd4 5. Qxd4 Nc6 6. Bb5 Bd7 7. Bxc6 Bxc6 8. Bg5 Nf6 9. O-O-O Be7 10. Rhe1 O-O 11. e5 dxe5 12. Qh4 Qc7 13. Nxe5 Rad8 14. Ng4 Rxd1+ 15. Rxd1 Rd8 16. Nxf6+ gxf6 17. Bxf6 Rxd1+ 18. Nxd1 Bxf6 19. Qxf6 Qxh2 20. Qd8+ Kg7 21. Qg5+ Kf8 22. Qd8+ 1/2-1/2

[Event "CAN-ch U14"]
[Site "Toronto CAN"]
[Date "1997.02.01"]
[Round "3"]
[White "Glinert, Stephen"]
[Black "Charbonneau, Pascal"]
[Result "1/2-1/2"]
[WhiteElo "2205"]
[BlackElo "2172"]
[PlyCount "144"]
[GameId "2160767911966610"]
[EventDate "1997.01.31"]
[EventType "swiss"]
[EventRounds "5"]
[EventCountry "CAN"]

1. e4 c5 2. d4 cxd4 3. c3 dxc3 4. Nxc3 Nc6 5. Nf3 e6 6. Bc4 a6 7. O-O Nge7 8. Bg5 Qc7 9. Qe2 Ng6 10. Rfd1 h6 11. Be3 b5 12. Bb3 Be7 13. Rac1 Qb8 14. Nd4 Bb7 15. Qd2 O-O 16. a3 Nxd4 17. Qxd4 Bc6 18. Qd2 Qb7 19. f3 a5 20. Ne2 d6 21. Nd4 Bd7 22. Qd3 Rfc8 23. f4 Bf6 24. f5 Ne5 25. Qb1 Nc4 26. Bf2 Bg5 27. Rc2 Rc7 28. Re2 Rac8 29. Qd3 a4 30. Ba2 Ne5 31. Qg3 Rc1 32. Rde1 Rxe1+ 33. Rxe1 Re8 34. fxe6 fxe6 35. h4 Bf6 36. Nf5 Nf7 37. Nxd6 Nxd6 38. Qxd6 Bxb2 39. Rd1 Bc6 40. Bxe6+ Kh8 41. Bd5 Bxd5 42. Qxd5 Qxd5 43. exd5 Bxa3 44. d6 Bxd6 45. Rxd6 a3 46. Bd4 Re4 47. Bc5 a2 48. Rd1 Rxh4 49. Kf2 Rc4 50. Bd6 Rd4 51. Ra1 Rxd6 52. Rxa2 Kg8 53. Ra8+ Kf7 54. Rb8 Rd2+ 55. Kf3 Rb2 56. Rb6 b4 57. g3 b3 58. Kg4 Rb1 59. Kh3 b2 60. Kg2 Ke7 61. Kh2 Kd7 62. Kg2 Kc7 63. Rb3 Kc6 64. Kh2 Kc5 65. Kg2 Kc4 66. Rb8 h5 67. Rc8+ Kd5 68. Rd8+ Ke6 69. Rb8 g5 70. Rb3 h4 71. gxh4 gxh4 72. Rb8 h3+ 1/2-1/2

[Event "CAN-ch U14"]
[Site "Toronto CAN"]
[Date "1997.02.02"]
[Round "4"]
[White "Charbonneau, Pascal"]
[Black "Chu, Stefanie"]
[Result "0-1"]
[WhiteElo "2172"]
[BlackElo "2032"]
[PlyCount "83"]
[GameId "2160767911966613"]
[EventDate "1997.01.31"]
[EventType "swiss"]
[EventRounds "5"]
[EventCountry "CAN"]

1. e4 c5 2. Nf3 d6 3. d4 cxd4 4. Qxd4 Nc6 5. Bb5 Bd7 6. Bxc6 Bxc6 7. Nc3 Nf6 8. Bg5 e6 9. O-O-O Be7 10. Rhe1 O-O 11. Qd3 Qc7 12. Kb1 Rfd8 13. h4 a6 14. Nd4 Ng4 15. Qg3 Ne5 16. f4 Nc4 17. f5 Qb6 18. Nb3 Bxg5 19. Qxg5 f6 20. Qg4 e5 21. Qe2 Qb4 22. Qd3 Bb5 23. a3 Nxa3+ 24. bxa3 Qxa3 25. Qd2 Bc4 26. Qc1 Qb4 27. Qb2 Rdc8 28. Nc1 Qa5 29. N1a2 Rc6 30. Nc1 Rb6 31. Nb3 Qb4 32. Na2 Qb5 33. Qa3 Bxb3 34. Qxb3+ Qxb3+ 35. cxb3 Rxb3+ 36. Kc2 Rg3 37. Re2 Rc8+ 38. Kb2 Rc6 39. Rc1 Rxc1 40. Nxc1 Kf7 41. Nb3 Rg4 42. Kc3 0-1

[Event "Pere Noel"]
[Site "Montreal CAN"]
[Date "1996.12.27"]
[Round "2"]
[White "Charbonneau, Pascal"]
[Black "Guevremont, Grant"]
[Result "1-0"]
[WhiteElo "2188"]
[BlackElo "1952"]
[PlyCount "37"]
[GameId "2160767912008031"]
[EventDate "1996.12.26"]
[EventType "swiss"]
[EventRounds "5"]
[EventCountry "CAN"]
[SourceTitle "Echec+ 1997.03"]

1. e4 c6 2. d4 d5 3. exd5 cxd5 4. c4 Nf6 5. Nc3 Nc6 6. Bg5 dxc4 7. d5 Ne5 8. Qd4 Nd3+ 9. Bxd3 cxd3 10. Nf3 e6 11. O-O-O Be7 12. Rxd3 exd5 13. Re1 O-O 14. Ne5 Be6 15. f4 Qa5 16. Rg3 Kh8 17. f5 Bxf5 18. Nd7 Nxd7 19. Bh6 1-0

[Event "Pere Noel"]
[Site "Montreal CAN"]
[Date "1996.12.30"]
[Round "5"]
[White "Charbonneau, Pascal"]
[Black "Levtchouk, George"]
[Result "0-1"]
[WhiteElo "2188"]
[BlackElo "2338"]
[PlyCount "152"]
[GameId "2160767912008041"]
[EventDate "1996.12.26"]
[EventType "swiss"]
[EventRounds "5"]
[EventCountry "CAN"]
[SourceTitle "hb 2011"]

1. e4 g6 2. d4 Bg7 3. Nf3 d6 4. Be2 b6 5. c4 c5 6. O-O Nf6 7. Nc3 O-O 8. h3 Bb7 9. d5 e6 10. Bf4 e5 11. Be3 Nbd7 12. Nd2 Kh8 13. g3 Bc8 14. Kh2 Re8 15. a3 Nf8 16. Re1 h5 17. f4 h4 18. g4 exf4 19. Bxf4 g5 20. Be3 N6d7 21. Rf1 Bxc3 22. bxc3 Ne5 23. Nf3 Nxf3+ 24. Rxf3 f6 25. Qf1 Nd7 26. Kg2 Qe7 27. Re1 Kg7 28. Bf2 Ne5 29. Re3 Bd7 30. Bg1 Rf8 31. Bh2 Be8 32. Bxe5 fxe5 33. Rf3 Rf4 34. Rxf4 exf4 35. Qf3 Qe5 36. Bd1 Rb8 37. Bc2 Rb7 38. Rb1 Re7 39. Kf2 Bg6 40. Re1 Qf6 41. Qd3 Qf8 42. Kf3 Qc8 43. a4 Qa6 44. Kf2 Bh7 45. Kf3 Kf6 46. Bb3 Ke5 47. Qc2 Bg6 48. Qa2 Be8 49. Qc2 Bd7 50. Re2 Qc8 51. Re1 Qe8 52. Re2 Qg6 53. Qd2 Rh7 54. Bc2 Qe8 55. Qd1 Bc8 56. Rg2 Rb7 57. Qa1 Bd7 58. Rg1 Kf6 59. Qd1 Qe5 60. Qd3 a6 61. Rb1 Ke7 62. a5 b5 63. cxb5 axb5 64. Ba4 c4 65. Qc2 b4 66. Bxd7 b3 67. Qb2 Rxd7 68. Ra1 Qh8 69. Ra4 Qc8 70. Qe2 Qc5 71. Rxc4 Qg1 72. Qf2 Qxf2+ 73. Kxf2 Rb7 74. a6 b2 75. axb7 b1=Q 76. Rb4 Qc2+ 0-1

[Event "Quebec-ch classe"]
[Site "Montreal CAN"]
[Date "1996.10.12"]
[Round "3"]
[White "Leger, Manon"]
[Black "Charbonneau, Pascal"]
[Result "0-1"]
[WhiteElo "1882"]
[BlackElo "2104"]
[PlyCount "106"]
[GameId "2160767912016453"]
[EventDate "1996.10.11"]
[EventType "swiss"]
[EventRounds "5"]
[EventCountry "CAN"]

1. e4 c5 2. Nf3 Nc6 3. d4 cxd4 4. Nxd4 Nf6 5. Nc3 e5 6. Ndb5 d6 7. a4 a6 8. Na3 Be7 9. Bg5 Be6 10. Bxf6 Bxf6 11. Nc4 Nd4 12. Bd3 O-O 13. Ne3 Bg5 14. Ncd5 g6 15. c3 Nc6 16. O-O Ne7 17. f4 Nxd5 18. Nxd5 Bxd5 19. fxg5 Be6 20. Qd2 d5 21. exd5 Qxd5 22. Rad1 Rad8 23. Qe2 Qc5+ 24. Kh1 Bb3 25. Bc2 Bc4 26. Bd3 Bb3 27. Bc2 Bxc2 28. Qxc2 Qe3 29. Qb3 Rxd1 30. Rxd1 Qe2 31. Qd5 Qxb2 32. Qxe5 Qc2 33. Qd4 Rc8 34. Qd7 Qxc3 35. Qxb7 Qc6 36. Qb4 Qc1 37. Qd6 a5 38. Qd7 Qc6 39. Qd4 Qc5 40. Qd7 Rb8 41. Rf1 Rf8 42. Qg4 Rd8 43. Qf4 Qf5 44. Qxf5 gxf5 45. h3 Rd5 46. Rf4 Kg7 47. Kh2 Kg6 48. h4 Rd3 49. Kg1 f6 50. gxf6 Kxf6 51. g4 Rg3+ 52. Kf2 Rxg4 53. Rf3 Rxh4 0-1

[Event "Quebec-ch classe"]
[Site "Montreal CAN"]
[Date "1996.10.13"]
[Round "4"]
[White "Laurain, Guy"]
[Black "Charbonneau, Pascal"]
[Result "0-1"]
[WhiteElo "2160"]
[BlackElo "2100"]
[PlyCount "62"]
[GameId "2160767912016460"]
[EventDate "1996.10.11"]
[EventType "swiss"]
[EventRounds "5"]
[EventCountry "CAN"]

1. e4 c5 2. Nf3 d6 3. c4 g6 4. Nc3 Bg7 5. d3 Nc6 6. h3 e6 7. Bg5 Nge7 8. Qd2 O-O 9. Be2 Nd4 10. O-O Rb8 11. Bh6 a6 12. Bxg7 Kxg7 13. Nxd4 cxd4 14. Nd1 d5 15. Qf4 Nc6 16. exd5 exd5 17. Bf3 Be6 18. b3 dxc4 19. bxc4 Qf6 20. Qd2 Ne5 21. Be4 Rfe8 22. f4 Nd7 23. Nf2 Nc5 24. f5 gxf5 25. Qf4 Nd7 26. Bf3 Qg6 27. Qxd4+ Qf6 28. Qf4 Ne5 29. Bxb7 Ng6 30. Qc7 Qg5 31. Rae1 Kg8 0-1

[Event "Quebec-ch classe"]
[Site "Montreal CAN"]
[Date "1996.10.13"]
[Round "5"]
[White "Charbonneau, Pascal"]
[Black "Girard, Robin"]
[Result "0-1"]
[WhiteElo "2100"]
[BlackElo "2280"]
[PlyCount "112"]
[GameId "2160767912016465"]
[EventDate "1996.10.11"]
[EventType "swiss"]
[EventRounds "5"]
[EventCountry "CAN"]

1. e4 c5 2. Nf3 d6 3. Bb5+ Bd7 4. Bxd7+ Nxd7 5. d4 cxd4 6. Qxd4 Ngf6 7. Nc3 g6 8. Bg5 Bg7 9. O-O-O O-O 10. Rhe1 h6 11. Bh4 Qa5 12. Qd2 Nb6 13. e5 Nc4 14. Qd4 Nxe5 15. Nxe5 dxe5 16. Qxe5 Qxe5 17. Rxe5 g5 18. Bg3 e6 19. Re2 Rfd8 20. Red2 Rxd2 21. Rxd2 Rc8 22. f3 a6 23. Rd6 Nh5 24. Ne2 Nxg3 25. hxg3 Be5 26. Rd7 Rc7 27. Rd8+ Kg7 28. c3 Bf6 29. Rd3 h5 30. Kd2 Kf8 31. Ke3 Ke7 32. Rd1 Rc8 33. Nd4 Be5 34. f4 Bf6 35. Rh1 gxf4+ 36. gxf4 Rg8 37. Kf3 Bxd4 38. cxd4 Rc8 39. Rxh5 Rc2 40. b4 Rxa2 41. b5 Ra5 42. Rc5 Rxb5 43. Rc7+ Kf6 44. Ke4 a5 45. g4 a4 46. f5 a3 47. Rc8 Ra5 48. Rc1 a2 49. Ra1 Kg5 50. fxe6 fxe6 51. Ke3 Kxg4 52. Rg1+ Kf5 53. Rf1+ Kg5 54. Ra1 Kf6 55. Ke4 Ke7 56. Ke3 Kd6 0-1

[Event "Festival gourmands"]
[Site "Asbestos CAN"]
[Date "1996.08.25"]
[Round "5"]
[White "Charbonneau, Pascal"]
[Black "Lacroix, Serge"]
[Result "1/2-1/2"]
[Annotator "Incomplete"]
[WhiteElo "2105"]
[BlackElo "1884"]
[PlyCount "64"]
[GameId "2160767738102438"]
[EventDate "1996.08.23"]
[EventType "swiss"]
[EventRounds "5"]
[EventCountry "CAN"]
[SourceTitle "Lacroix"]

1. e4 e5 2. Nf3 Nc6 3. d4 exd4 4. Bc4 Nf6 5. O-O d6 6. Nxd4 Nxd4 7. Qxd4 Be7 8. Nc3 O-O 9. Bg5 a6 10. a4 Be6 11. Bxe6 fxe6 12. e5 Nd7 13. Bxe7 Qxe7 14. exd6 cxd6 15. Rad1 d5 16. Rfe1 Qf6 17. Qxf6 Rxf6 18. Ne4 Rg6 19. h4 Rc8 20. c3 Nc5 21. Nxc5 Rxc5 22. Rd4 b5 23. axb5 Rxb5 24. b4 Rf6 25. f3 Kf7 26. Kf2 Ke7 27. h5 Kd6 28. Rg4 Rf7 29. Rg5 a5 30. bxa5 Rxa5 31. Rge5 Rf6 32. g4 h6 {etc.} 1/2-1/2

[Event "Quebec op"]
[Site "Montreal CAN"]
[Date "1996.07.27"]
[Round "1"]
[White "Charbonneau, Pascal"]
[Black "Levtchouk, George"]
[Result "0-1"]
[WhiteElo "2041"]
[BlackElo "2328"]
[PlyCount "118"]
[GameId "2160767912041681"]
[EventDate "1996.07.27"]
[EventType "swiss"]
[EventRounds "9"]
[EventCountry "CAN"]

1. e4 g6 2. d4 Bg7 3. c3 b6 4. Bd3 Bb7 5. Nf3 d6 6. O-O Nd7 7. Re1 e6 8. a4 a6 9. Na3 Ne7 10. Nc4 O-O 11. Ne3 c5 12. h4 cxd4 13. cxd4 Nf6 14. e5 dxe5 15. dxe5 Ne4 16. b4 Nc3 17. Qd2 Bxf3 18. gxf3 Ncd5 19. Ng4 Nc6 20. Bxa6 Ncxb4 21. Bb7 Ra7 22. Bxd5 Nxd5 23. Bb2 Qxh4 24. Kg2 h5 25. Rh1 Qd8 26. Nf6+ Nxf6 27. Qxd8 Rxd8 28. exf6 Bf8 29. Rhd1 Rd5 30. Rxd5 exd5 31. Rd1 Rd7 32. Bc1 Bc5 33. Re1 d4 34. Bh6 Rd8 35. f4 d3 36. f5 d2 37. Rd1 Kh7 38. Bg5 Rd4 39. Be3 Rxa4 40. Rxd2 gxf5 41. Bxc5 bxc5 42. Rd5 Rc4 43. Rxf5 Kg6 44. Rd5 Rc3 45. Rd6 h4 46. Rc6 Kf5 47. f3 Ke5 48. Kh3 Kd5 49. Ra6 Rxf3+ 50. Kxh4 c4 51. Kg5 c3 52. Ra7 Kd6 53. Ra8 c2 54. Rc8 Rf2 55. Kg4 Ke5 56. Kg3 Rd2 57. Rc6 Kd4 58. Kf3 Rd3+ 59. Ke2 Rc3 0-1

[Event "Quebec-ch U20"]
[Site "Montreal CAN"]
[Date "1996.03.09"]
[Round "4"]
[White "Charbonneau, Pascal"]
[Black "Caplan, Adam"]
[Result "1-0"]
[WhiteElo "1957"]
[BlackElo "1910"]
[PlyCount "55"]
[GameId "2160767912058636"]
[EventDate "1996.03.07"]
[EventType "tourn"]
[EventRounds "7"]
[EventCountry "CAN"]
[SourceTitle "Echec+ 1996.05"]

1. e4 c5 2. Nf3 e6 3. d4 cxd4 4. Nxd4 Nf6 5. Nc3 d6 6. Be2 Be7 7. O-O Nc6 8. Be3 O-O 9. f4 e5 10. Nb3 exf4 11. Bxf4 Be6 12. Qe1 d5 13. e5 Nd7 14. Bf3 Bg5 15. g3 Nb6 16. Qd2 Bxf4 17. gxf4 Nc4 18. Qf2 Nxb2 19. Nc5 b6 20. Nb7 Qc7 21. f5 Nxe5 22. fxe6 fxe6 23. Nxd5 Nxf3+ 24. Qxf3 Qd7 25. Nf4 Rab8 26. Rab1 Rxb7 27. Qe4 Rf6 28. Rxb2 1-0

[Event "Quebec-ch U20"]
[Site "Montreal CAN"]
[Date "1996.03.09"]
[Round "5"]
[White "Hua, Lefong"]
[Black "Charbonneau, Pascal"]
[Result "0-1"]
[WhiteElo "2054"]
[BlackElo "1957"]
[PlyCount "66"]
[GameId "2160767912058637"]
[EventDate "1996.03.07"]
[EventType "tourn"]
[EventRounds "7"]
[EventCountry "CAN"]
[SourceTitle "Echec+ 1996.05"]

1. d4 Nf6 2. c4 g6 3. Nc3 Bg7 4. e4 d6 5. f4 O-O 6. Nf3 c5 7. d5 e6 8. Be2 exd5 9. e5 dxe5 10. fxe5 Ng4 11. Bg5 Qa5 12. cxd5 Nxe5 13. O-O Qb4 14. Nb5 c4 15. Nfd4 a6 16. Nc7 Ra7 17. Be3 b6 18. a3 Qe7 19. Nc6 Nbxc6 20. Bxb6 Rb7 21. d6 Qg5 22. Nd5 Rxb6 23. Nxb6 Qe3+ 24. Kh1 Qxb6 25. Rc1 Be6 26. Qd2 Qd4 27. Qc2 Qxd6 28. Rcd1 Qe7 29. Qa4 Bg4 30. Rde1 Bxe2 31. Rxe2 Nd4 32. Re4 Ne6 33. h3 Nc5 0-1

[Event "Interclubs"]
[Site "Montreal CAN"]
[Date "1996.05.04"]
[Round "5"]
[White "Audet, Michel"]
[Black "Charbonneau, Pascal"]
[Result "0-1"]
[WhiteElo "1647"]
[BlackElo "2033"]
[PlyCount "112"]
[GameId "2160767912058672"]
[EventDate "1996.03.01"]
[EventRounds "5"]
[EventCountry "CAN"]
[SourceTitle "hb 2012"]

1. e4 c5 2. Nf3 d6 3. Be2 Nc6 4. O-O Nf6 5. d3 g6 6. c3 Bd7 7. Kh1 Bg7 8. Nbd2 O-O 9. Nc4 b5 10. Ne3 Rb8 11. h3 a5 12. Nh2 b4 13. f4 Ne8 14. Bd2 Na7 15. f5 a4 16. cxb4 cxb4 17. fxg6 hxg6 18. Nd5 a3 19. Nxb4 axb2 20. Rb1 Nb5 21. Ng4 Na3 22. Nh6+ Bxh6 23. Bxh6 Nxb1 24. Qb3 Ng7 25. Qxb2 e5 26. Rxb1 Qh4 27. Qd2 f6 28. Rc1 Rfc8 29. Nd5 Rxc1+ 30. Qxc1 Ne8 31. Be3 Kf7 32. Qf1 Rb2 33. a3 Ra2 34. Bf2 Qh7 35. Nb6 Be6 36. a4 Qh6 37. Bf3 Qd2 38. Bg1 Qb2 39. Kh2 Qd2 40. Kh1 Rc2 41. g4 Rc1 42. Qe2 Qb4 43. Qf2 Qc3 44. g5 Qxd3 45. Bg2 Bxh3 46. Bxh3 Qxh3+ 47. Qh2 Qxh2+ 48. Kxh2 Ra1 49. a5 Rxa5 50. gxf6 Nxf6 51. Nc4 Ra2+ 52. Kh3 Nxe4 53. Kg4 Rg2+ 54. Kf3 Rxg1 55. Kxe4 Rg4+ 56. Kd5 Rxc4 0-1

[Event "Outaouais op"]
[Site "Hull CAN"]
[Date "1995.11.18"]
[Round "3"]
[White "Pacey, Kevin"]
[Black "Charbonneau, Pascal"]
[Result "1-0"]
[WhiteElo "2249"]
[BlackElo "2150"]
[PlyCount "109"]
[GameId "2160767912063668"]
[EventDate "1995.11.17"]
[EventType "swiss"]
[EventRounds "5"]
[EventCountry "CAN"]

1. e4 c5 2. Nf3 Nc6 3. d4 cxd4 4. Nxd4 Nf6 5. Nc3 e5 6. Ndb5 d6 7. Bg5 a6 8. Na3 b5 9. Nd5 Be7 10. Nxe7 Nxe7 11. Bxf6 gxf6 12. Qf3 f5 13. exf5 Bxf5 14. Bd3 Be6 15. O-O O-O 16. Qg3+ Ng6 17. c4 f5 18. f4 Qb6+ 19. Kh1 bxc4 20. Nxc4 Qd4 21. b3 exf4 22. Qh3 d5 23. Nd2 Qe3 24. Rae1 Qxh3 25. gxh3 Bd7 26. Nf3 Bb5 27. Rd1 Rfe8 28. Bxb5 axb5 29. Rf2 b4 30. Rxd5 Rac8 31. h4 Re3 32. h5 Ne7 33. Rd4 Re4 34. Rd7 Rc1+ 35. Kg2 Nc6 36. Ng5 Ree1 37. Nf3 Re3 38. h6 Re6 39. Rg7+ Kh8 40. Rxh7+ Kxh7 41. Ng5+ Kxh6 42. Nxe6 f3+ 43. Rxf3 Rc2+ 44. Rf2 Rxf2+ 45. Kxf2 Kg6 46. Ke3 Kf6 47. Nc5 Ke5 48. Nd3+ Kd5 49. h4 Kd6 50. h5 Ke6 51. Kf4 Kf6 52. h6 Kg6 53. Ne5+ Nxe5 54. Kxe5 Kxh6 55. Kxf5 1-0

[Event "Beauce op"]
[Site "Ste-Marie-de-Beauce CAN"]
[Date "1995.09.23"]
[Round "3"]
[White "Rousseau, Daniel"]
[Black "Charbonneau, Pascal"]
[Result "0-1"]
[WhiteElo "2034"]
[BlackElo "1971"]
[PlyCount "100"]
[GameId "2160767912063709"]
[EventDate "1995.09.22"]
[EventType "swiss"]
[EventRounds "5"]
[EventCountry "CAN"]
[SourceTitle "hb 2011"]

1. e4 c5 2. Nf3 Nc6 3. d4 cxd4 4. Nxd4 Nf6 5. Nc3 e5 6. Ndb5 d6 7. Bg5 a6 8. Na3 b5 9. Nd5 Be7 10. Nxe7 Nxe7 11. Qf3 Nd7 12. c4 b4 13. Nc2 a5 14. Rd1 Nc5 15. b3 O-O 16. Ne3 f6 17. Bh4 Bb7 18. Bd3 g5 19. Qg4 Qe8 20. Bg3 h5 21. Qe2 h4 22. f3 hxg3 23. hxg3 Kg7 24. Bc2 Rd8 25. Kf2 Rh8 26. Rhg1 Ne6 27. Rd2 Nd4 28. Qd1 Bc8 29. g4 Ne6 30. Bd3 Nf4 31. Bf1 Rh2 32. Ke1 Qh8 33. Rf2 Qh7 34. Qc1 Rh8 35. c5 Rh1 36. Rxh1 Qxh1 37. Qc4 dxc5 38. Nd5 Nfg6 39. Nc7 Bd7 40. Qa6 Rd8 41. Qb7 Kf8 42. Nd5 Qh4 43. Bd3 Nf4 44. Nxf4 gxf4 45. Qc7 Ke8 46. Qxc5 Rc8 47. Qd6 Rc1+ 48. Kd2 Qxf2+ 49. Kxc1 Qe1+ 50. Kb2 Qd2+ 0-1

[Event "Beauce op"]
[Site "Ste-Marie-de-Beauce CAN"]
[Date "1995.09.24"]
[Round "4"]
[White "Hebert, Jean"]
[Black "Charbonneau, Pascal"]
[Result "1-0"]
[WhiteElo "2460"]
[BlackElo "1971"]
[PlyCount "65"]
[GameId "2160767912063711"]
[EventDate "1995.09.22"]
[EventType "swiss"]
[EventRounds "5"]
[EventCountry "CAN"]

1. d4 Nf6 2. c4 g6 3. Nc3 Bg7 4. e4 d6 5. Be2 O-O 6. f4 c5 7. d5 e6 8. Nf3 exd5 9. cxd5 Re8 10. Nd2 Na6 11. O-O Nc7 12. a4 b6 13. Re1 Rb8 14. Bf3 a6 15. Nc4 h5 16. h3 b5 17. Na5 Bd7 18. axb5 Nxb5 19. Nxb5 axb5 20. e5 dxe5 21. fxe5 Nh7 22. Bf4 Ra8 23. Nb7 Rxa1 24. Qxa1 Qh4 25. g3 Qxh3 26. Bg2 Qg4 27. Nd6 Rf8 28. Ne4 g5 29. Nf2 Qf5 30. Be4 gxf4 31. Bxf5 fxg3 32. Bxd7 gxf2+ 33. Kxf2 1-0

[Event "Festival gourmands"]
[Site "Asbestos CAN"]
[Date "1995.08.25"]
[Round "1"]
[White "Levtchouk, George"]
[Black "Charbonneau, Pascal"]
[Result "1-0"]
[WhiteElo "2319"]
[BlackElo "2006"]
[PlyCount "53"]
[GameId "2160767912063776"]
[EventDate "1995.08.25"]
[EventType "swiss"]
[EventRounds "5"]
[EventCountry "CAN"]
[SourceTitle "hb 2011"]

1. d4 Nf6 2. c4 g6 3. Nc3 Bg7 4. e4 d6 5. f3 O-O 6. Bg5 Nbd7 7. Nh3 c5 8. d5 a6 9. a4 h6 10. Be3 b6 11. Be2 Ne8 12. Qd2 Kh7 13. Nf2 Ndf6 14. g4 Ng8 15. h4 e5 16. dxe6 fxe6 17. f4 Bd4 18. h5 gxh5 19. g5 e5 20. f5 Ng7 21. g6+ Kh8 22. Bxh6 Nf6 23. Bg5 Kg8 24. Bxf6 Qxf6 25. Nd5 Qd8 26. Qh6 Bxf2+ 27. Kxf2 1-0

[Event "Groupe Commerce"]
[Site "Thetford Mines CAN"]
[Date "1995.07.07"]
[Round "1"]
[White "Charbonneau, Pascal"]
[Black "Beaudry, Marc-Andre"]
[Result "1-0"]
[WhiteElo "1856"]
[BlackElo "2066"]
[PlyCount "103"]
[GameId "2160767912064434"]
[EventDate "1995.07.07"]
[EventType "swiss"]
[EventRounds "5"]
[EventCountry "CAN"]

1. e4 e6 2. d3 d5 3. Nd2 Nf6 4. Ngf3 c5 5. g3 Nc6 6. Bg2 Be7 7. O-O Qc7 8. Re1 b6 9. Nf1 Bb7 10. Bf4 e5 11. Nxe5 Nxe5 12. exd5 Nfd7 13. Bxe5 Nxe5 14. f4 O-O-O 15. fxe5 Rxd5 16. Bxd5 Bxd5 17. Ne3 Be6 18. Qf3 Rd8 19. c4 Kb8 20. Ng2 g5 21. a4 a5 22. b3 Bf8 23. Rad1 Bg7 24. Qe3 h6 25. d4 cxd4 26. Rxd4 Bf8 27. Rxd8+ Qxd8 28. Qf3 Bc5+ 29. Kh1 Qc7 30. Qf6 Qc6 31. Qxh6 g4 32. Qf4 Qf3 33. Qxf3 gxf3 34. Rf1 fxg2+ 35. Kxg2 Kc7 36. Kf3 Kd7 37. Ke4 Ke7 38. h4 Kf8 39. Rd1 Kg7 40. Rd8 Be7 41. Rb8 Bc5 42. Kf4 Bh3 43. g4 Bf1 44. Rd8 Ba3 45. h5 Be2 46. h6+ Kh7 47. Kf5 Bc5 48. g5 Bh5 49. Kf6 Ba3 50. Rd7 Kg8 51. h7+ Kxh7 52. Rxf7+ 1-0

[Event "Quebec-ch U16"]
[Site "Montreal CAN"]
[Date "1995.03.09"]
[Round "1"]
[White "Charbonneau, Pascal"]
[Black "Gottlieb, Jonathan"]
[Result "1-0"]
[WhiteElo "1803"]
[BlackElo "1553"]
[PlyCount "65"]
[GameId "2160767912064766"]
[EventDate "1995.03.09"]
[EventType "tourn"]
[EventRounds "7"]
[EventCountry "CAN"]
[SourceTitle "Echec+ 1995.11"]

1. e4 e5 2. Nf3 Nc6 3. d4 exd4 4. Bc4 Nf6 5. O-O Bc5 6. e5 d5 7. exf6 dxc4 8. fxg7 Rg8 9. Re1+ Be7 10. Bh6 Be6 11. Nbd2 b5 12. Ne4 Bf6 13. Nfg5 Bxg7 14. Nxe6 fxe6 15. Qh5+ Kd7 16. Nc5+ Kc8 17. Nxe6 Qd7 18. Nxg7 Rxg7 19. Bxg7 a6 20. Qe8+ Qxe8 21. Rxe8+ Kb7 22. Rxa8 Kxa8 23. Rd1 Nb4 24. a3 Nxc2 25. Bxd4 Nxd4 26. Rxd4 Kb7 27. f4 c5 28. Rd1 Kc6 29. f5 b4 30. axb4 cxb4 31. f6 c3 32. bxc3 b3 33. f7 1-0

[Event "Quebec-ch U16"]
[Site "Montreal CAN"]
[Date "1995.03.10"]
[Round "3"]
[White "Charbonneau, Pascal"]
[Black "Caplan, Adam"]
[Result "1-0"]
[WhiteElo "1803"]
[BlackElo "1819"]
[PlyCount "71"]
[GameId "2160767912064767"]
[EventDate "1995.03.09"]
[EventType "tourn"]
[EventRounds "7"]
[EventCountry "CAN"]
[SourceTitle "Echec+ 1995.07"]

1. e4 c5 2. Nf3 e6 3. d3 d5 4. Nbd2 Nc6 5. g3 Bd6 6. Bg2 Nge7 7. O-O O-O 8. Re1 Qc7 9. Nh4 b6 10. f4 f6 11. a3 d4 12. Nc4 e5 13. f5 b5 14. Nxd6 Qxd6 15. g4 h6 16. Nf3 c4 17. h4 Nd8 18. g5 Nf7 19. g6 Nd8 20. Nh2 Kh8 21. Qh5 Ng8 22. Ng4 Qe7 23. Bf3 Re8 24. Re2 Bd7 25. Rg2 a5 26. Nxh6 Nxh6 27. Bxh6 gxh6 28. Qxh6+ Kg8 29. g7 Nf7 30. Qg6 Ra6 31. h5 Nh8 32. gxh8=Q+ Kxh8 33. h6 Raa8 34. h7 Rf8 35. Kf2 cxd3 36. Rh1 1-0

[Event "Carnaval"]
[Site "Quebec CAN"]
[Date "1995.02.04"]
[Round "2"]
[White "Tremblay, Sylvain"]
[Black "Charbonneau, Pascal"]
[Result "1-0"]
[WhiteElo "2137"]
[BlackElo "1836"]
[PlyCount "59"]
[GameId "2160767912064819"]
[EventDate "1995.02.03"]
[EventType "swiss"]
[EventRounds "5"]
[EventCountry "CAN"]
[SourceTitle "EXT 2022"]
[Source "ChessBase"]
[SourceDate "2021.10.06"]
[SourceVersion "1"]
[SourceVersionDate "2021.10.06"]
[SourceQuality "1"]

1. Nf3 Nf6 2. g3 d5 3. Bg2 e6 4. O-O Be7 5. b3 O-O 6. Bb2 Nbd7 7. c4 b6 8. Nc3 Bb7 9. Qc2 c5 10. cxd5 exd5 11. d4 Rc8 12. dxc5 Nxc5 13. Bh3 Ncd7 14. Qd1 Bb4 15. Nb5 a6 16. Nbd4 Ne4 17. Rc1 Rxc1 18. Qxc1 Bc5 19. Nf5 Ndf6 20. N3d4 Bc8 21. b4 Bxd4 22. Bxd4 Be6 23. Qf4 g5 24. Qe5 Re8 25. Rc1 Bd7 26. Qc7 g4 27. Qf4 gxh3 28. f3 Nh5 29. Nh6+ Kf8 30. Qxf7# 1-0

[Event "Active 1994.10"]
[Site "Montreal CAN"]
[Date "1994.10.30"]
[Round "2"]
[White "Charbonneau, Pascal"]
[Black "Lachance, Sebastien"]
[Result "1-0"]
[WhiteElo "1592"]
[BlackElo "1327"]
[PlyCount "88"]
[GameId "2160767912140152"]
[EventDate "1994.10.30"]
[EventType "rapid"]
[EventCountry "CAN"]

1. e4 e5 2. Nf3 Nc6 3. d4 exd4 4. Bc4 Nf6 5. O-O d6 6. Ng5 d5 7. exd5 Na5 8. Qe1+ Be7 9. Qxa5 O-O 10. c3 b6 11. Qa4 h6 12. Nf3 dxc3 13. Nxc3 Bg4 14. Be2 Bd6 15. h3 Bh5 16. Be3 Re8 17. Nd4 Bg6 18. Ndb5 Be5 19. Bd4 a6 20. Na3 b5 21. Qd1 b4 22. Bxe5 Rxe5 23. Nc4 Nxd5 24. Nxe5 bxc3 25. bxc3 Nxc3 26. Qxd8+ Rxd8 27. Bc4 Kf8 28. Nxg6+ fxg6 29. Rac1 Ne4 30. Rfd1 Rb8 31. Rd7 c5 32. Rf7+ Ke8 33. Re1 Rb2 34. Rxe4+ Kd8 35. Ree7 Rd2 36. Ra7 Ke8 37. Ra8+ Rd8 38. Rxd8+ Kxd8 39. Rxg7 g5 40. Rh7 a5 41. Rxh6 Kd7 42. h4 g4 43. f4 gxf3 44. gxf3 a4 1-0